| 000 | 00623nam a22001577a 4500 | ||
|---|---|---|---|
| 003 | NUST | ||
| 082 | _a670 | ||
| 100 |
_a ZAKI HAIDER ,MUHAMMAD _9126975 |
||
| 245 |
_aEXPERIMENTAL INVESTIGATION USING BEST TOOL PARAMETERS ON MICRO FRICTION STIR WELDING OF DISSIMILAR ALLOYS (Al6061-Al5251) / _cMUHAMMAD ZAKI HAIDER |
||
| 264 |
_aIslamabad: _bSMME- NUST. _c2024. |
||
| 300 |
_a60p. ; _bSoft Copy, _c30cm. |
||
| 650 |
_aMS Design and Manufacturing Engineering _9119567 |
||
| 700 |
_aSUPERVISOR :Dr. SHAHID IKRAMULLAH BUTT _9119623 |
||
| 856 | _uhttp://10.250.8.41:8080/xmlui/handle/123456789/47815 | ||
| 942 |
_2ddc _cTHE |
||
| 999 |
_c612333 _d612333 |
||